Emmas Yucky Brother Reading 3 Alone I Can Read (Record no. 593613)

000 -LEADER
fixed length control field 00361nam a22001337a 4500
020 ## - INTERNATIONAL STANDARD BOOK NUMBER
International Standard Book Number 9780064442589
040 ## - CATALOGING SOURCE
Transcribing agency NUST
082 ## - DEWEY DECIMAL CLASSIFICATION NUMBER
Classification number 823-CH LIT
100 ## - MAIN ENTRY--PERSONAL NAME
Personal name Little, Jean
9 (RLIN) 110091
245 ## - TITLE STATEMENT
Title Emmas Yucky Brother Reading 3 Alone I Can Read
260 ## - PUBLICATION, DISTRIBUTION, ETC.
Place of publication, distribution, etc. New York:
Name of publisher, distributor, etc. Harper Collins
Date of publication, distribution, etc. 2001.
650 ## - SUBJECT ADDED ENTRY--TOPICAL TERM
Topical term or geographic name entry element Brothers and Sisters Fiction
9 (RLIN) 110092
942 ## - ADDED ENTRY ELEMENTS (KOHA)
Source of classification or shelving scheme
Koha item type Book
Holdings
Withdrawn status Lost status Source of classification or shelving scheme Damaged status Not for loan Permanent Location Current Location Shelving location Date acquired Shelving control number Full call number Barcode Date last seen Price effective from Koha item type Public note
          College of Electrical & Mechanical Engineering (CEME) College of Electrical & Mechanical Engineering (CEME) Fiction 03/09/2023 English Literature 823-CH LIT CEME-50278 03/09/2023 03/09/2023 Book CART-4
© 2023 Central Library, National University of Sciences and Technology. All Rights Reserved.